000 00833nas a2200265 4500
001 BR0000461
003 BR-BrBNA
005 20231205101643.0
007 ta
008 230509b bl.|||p| |||| 00| 00por d
040 _aBR-BrBNA
_bpor
_cBiblioteca Nacional de Agricultura
041 _a(En)
072 _aP33; U10; U30
100 1 _aSano, E.E.
100 1 _aHuete, A.R.
100 1 _aMoran, M.S.
245 1 _aEstimation of surface rouchness in a semiarid region from C-band ERS-1 synthetic aperture radar data
650 _aSolo
650 _aSensoriamento Remoto
650 _aMicroondas
650 _aModelo Matematico
773 0 _tRevista Brasileira de Ciencia do Solo (Brazil)
_xISSN 0100-0683
_g(Oct-Dec 1999), v. 23(4) p. 903-908
_wBR0000461
909 _a202311
_bLúcia
_c55
_dLúcia Elande
942 _2AGRIS
_n0
_cANA
999 _c163058
_d163058